GR4 Checoslovaquia, Hungría y Polonia - Estadísticas

Estadísticas generales
  • Esta prueba ha sido intentada 3 veces
  • La puntuación promedio es 1 de 71
Estadísticas de respuestas
Hint Respuesta % Correcto
Yugoslavia Josip Broz Tito
100%
Serbia post-Tito Milošević
33%
Referéndum 3 preguntas junio 1946 3 razy TAK
0%
Primer S KSČ, Socialismo rostro humano Alexander Dubček
0%
Lideraría inicialmente, pero dimitió por tensiones Andrei Lukanov
0%
SG Partido, P 1957–1968, ortodoxia previa a Primavera Antonín Novotný
0%
Presidente 1953–1957 Antonín Zápotocký
0%
Símbolo resistencia croata 1991 Asedio Vukovar
0%
Plan M Finanzas 1990, para estabilización Balcerowicz
0%
Gobierno Provisional 1945 Béla Miklós
0%
Presidente 1947–1952 Bolesław Bierut
0%
Muerte del anterior 1949 Chervenkov
0%
Manifestación estudiantil, foro debate 1956 Círculo Petőfi
0%
Mote del anterior Conducător
0%
Liberalización parcial y fin colectivización Deshielo Octubre
0%
Bulgaria Dimitrov
0%
Checoslovakia provisional Edvard Beneš
0%
Sucesor del anterior tras insurreción 1970 Edward Gierek
0%
P figura de consenso 1996 Emil Constatinescu
0%
Albania Enver Hoxha
0%
Régimen nazi Ferenc Szálasi
0%
Alternancia democrática rumana Filip Dimitrov
0%
Líder de la independencia croata 1991 Franjo Tuđman
0%
Ciudad Gdańsk
0%
Modelo estalinista rumano tras CE 1952 Gheorghiu-Dej
0%
JdG formal RDA Grotewohl
0%
Normalización Gustáv Husák
0%
Izquierda reformada Gyula Horn
0%
Nuevo Curso 1953 Imre Nagy
0%
Reformista Partido Socialista Obrero Húngaro 1989 Imre Pozsgay
0%
Cuadro revolución Rumanía + Presidente 1989 Ion Iliescu
0%
PM yugoslavo exilio 1944–1945 Ivan Šubašić
0%
Revolución Terciopelo 1989 1 Ján Budaj
0%
Nuevo Régimen Reformas János Kádár
0%
Charta 77 Jan Patočka
0%
JdE 1981 Jaruzelski
0%
Papa Karol Wojtyła
0%
SG Partido Károly Grósz
0%
Mesa Redonda 1989 Gob comunista Kiszczak
0%
PM 1946 y GdE 1948-1953 Klement Gottwald
0%
Elecciones 1995 Kwasniewski
0%
Pastor desalojo en Timișoara desencadenó Revolución rumana László Tőkés
0%
Líder revoluciones Lech Wałęsa
0%
Astillero Lenin
0%
2 000 palabras Ludvík Vaculík
0%
Gobierno Reconciliación Marián Čalfa
0%
Primer JdG no comunista Mazowiecki
0%
Revolución Crisantemos Húngara 1918 Mihály Károlyi
0%
Monarquía como regencia Miklós Horthy
0%
Revolución Terciopelo 1989 2 Milan Kňažko
0%
Muerte del anterior 1965 Nicolae Ceaușescu
0%
Fin Apoyo a Károlyi 1919 Nota Vyx
0%
Polonia Osóbka-Morawski
0%
Bulgaria Mesa Cuadrada Petar Mladenov
0%
Rumanía Petru Groza
0%
Acuerdos nombre Macedonia 2018 Prespa
0%
Dirigente estalinista 1948–1956 Rákosi
0%
Sucesor 1985 Ramiz Alia
0%
Sucesor 1992 Sali Berisha
0%
RDA Ocupada 2 Sokolovski
0%
Sindicato Solidarność
0%
P Segunda República 1949 Tildy
0%
Operación bombardeo Budapest Tornado
0%
República Checa Václav Have
0%
M Interior comunista Václav Nosek
0%
República Eslovaca Vladimír Mečiar
0%
P Comunista Alemán 1945 Walter Ulbricht
0%
Presidente formal RDA Wilhelm Pieck
0%
Poder tras crisis Octubre Polaco 1956 Władysław Gomułka
0%
Muerte del anterior 1965 Zhivkov
0%
RDA Ocupada 1 Zhúkov
0%
No se encontraron pruebas coincidentes
Distribución de puntuación
Porcentaje de gente con cada puntuación
Porcentaje por número respondido
Historial de tus puntuaciones
No has intentado esta prueba.